000 00556nam a2200181Ia 4500
003 GCL
008 140319s9999 xx 000 0 ara d
040 _aGCL /
_cGCL
082 0 4 _a953.071
_bح ى
100 1 _aحسن الوراكلى
245 1 0 _aياقوتة الاندلس: دراسات فى التراث الاندلسى /
_cحسن الوراكلى
300 _a229 ص
490 _a
650 0 4 _aالعرب فى اسبانيا
650 0 4 _aالاندلس - تاريخ
650 0 4 _aالادب العربى - الاندلس
942 _2ddc
_cBK
999 _c45256
_d45256